[Event "Tournament (Elo) \"]
[Site "masterchessopen.com Warsaw (Poland)"]
[Date "2011.10.27"]
[Round "6"]
[White "Baranowicz Jan"]
[Black "Pajak Jakub"]
[Result "0-1"]
[WhiteElo "1672"]
[BlackElo "1694"]

1.e4 c5 2.Nf3 Nc6 3.d4 cxd4 4.Nxd4 g6 5.c4 Bg7 6.Be3 Nf6 7.Nc3 Ng4 8.Qxg4 Nxd4
9.O-O-O d6 10.Qg3 Ne6 11.Bd2 Bd7 12.f4 a6 13.f5 Nc5 14.Re1 b5 15.fxg6 hxg6
16.e5 dxe5 17.Rxe5 Bxe5 18.Qxe5 Rh5 19.Qg7 Ne6 20.Qg8+ Nf8 21.Be2 Rh7 22.Rf1
Be6 23.cxb5 f6 {#R} 0-1

[Event "It (open)"]
[Site "masterchessopen.com Panama"]
[Date "2011.11.03"]
[Round "1"]
[White "Corrales Zenia (CUB)"]
[Black "Jordan Rafael (ESP)"]
[Result "1-0"]
[WhiteElo "2212"]
[BlackElo "2213"]

1.e4 c5 2.Nf3 Nc6 3.d4 cxd4 4.Nxd4 g6 5.c4 Bg7 6.Be3 Nf6 7.Nc3 Ng4 8.Qxg4 Nxd4
9.Qd1 Ne6 10.Be2 Qa5 11.Qd2 g5 12.O-O Qe5 13.g3 h5 14.f4 gxf4 15.gxf4 Qa5
16.a3 d6 17.b4 Qd8 18.Rad1 b6 19.e5 Nc7 20.f5 Bxe5 21.Bf4 Bb7 22.Bxe5 dxe5
23.Qg5 Qc8 24.Qg7 Rf8 25.Qxe5 Bc6 26.b5 Rg8+ {#r} 1-0

[Event "It (open)"]
[Site "masterchessopen.com Plzen (Czech Republic)"]
[Date "2011.11.19"]
[Round "1"]
[White "Toman Jaroslav (CZE)"]
[Black "Maliszewski Jaroslaw (POL)"]
[Result "1-0"]
[WhiteElo "2197"]
[BlackElo "1839"]

1.e4 c5 2.Nf3 Nc6 3.d4 cxd4 4.Nxd4 g6 5.c4 Bg7 6.Be3 Nf6 7.Nc3 Ng4 8.Qxg4 Nxd4
9.Qd1 Ne6 10.Qd2 Qa5 11.Rc1 b6 12.g3 Bb7 13.Bg2 Nc5 14.O-O Bxc3 15.Rxc3 Qxa2
16.Qd4 O-O-O 17.Ra3 e5 18.Qc3 Na4 19.Qb4 Qxb2 20.Qxa4 {#r} 1-0

[Event "It (open)"]
[Site "masterchessopen.com Cairo (Egypt)"]
[Date "2011.11.20"]
[Round "2"]
[White "El Arousy Abdul Hameed (EGY)"]
[Black "Wagdy Andro (EGY)"]
[Result "1-0"]
[WhiteElo "2301"]
[BlackElo "1982"]

1.e4 c5 2.Nf3 Nc6 3.d4 cxd4 4.Nxd4 g6 5.c4 Bg7 6.Be3 Nf6 7.Nc3 Ng4 8.Qxg4 Nxd4
9.Qd1 Nc6 10.Rc1 b6 11.Be2 Bb7 12.O-O O-O 13.Qd2 Re8 14.Rfd1 d6 15.f3 Qd7
16.Kh1 Rac8 17.b3 Red8 18.Bf1 Ba8 19.Nd5 Qb7 20.Bh6 Bh8 21.Bg5 Re8 22.Qf2 f6
23.Be3 Ne5 24.Be2 Nf7 25.Bd4 Qd7 26.a4 Nd8 27.f4 Nc6 28.Bc3 f5 29.Bxh8 Kxh8
30.e5 dxe5 31.Nxb6 Qb7 32.Nxc8 Rxc8 33.Rc3 {#r} 1-0

[Event "Ch World (juniors) (under 12)"]
[Site "masterchessopen.com Caldas Novas (Brazil)"]
[Date "2011.11.20"]
[Round "3"]
[White "Pillai Kadhir A"]
[Black "Souza Felipe Mazim de"]
[Result "1-0"]
[WhiteElo "2001"]
[BlackElo "1730"]

1.e4 c5 2.Nf3 Nc6 3.d4 cxd4 4.Nxd4 g6 5.c4 Bg7 6.Be3 Nf6 7.Nc3 Ng4 8.Qxg4 Bxd4
9.Bxd4 Nxd4 10.Qd1 Nc6 11.Bd3 d6 12.O-O O-O 13.Rc1 Be6 14.b3 Rc8 15.f4 Bd7
16.f5 Ne5 17.Bb1 Bc6 18.Qd2 Ng4 19.h3 Nf6 20.Rcd1 Kg7 21.Qb2 Qb6+ 22.Kh1 Kg8
23.Nd5 Nxd5 24.exd5 Bd7 25.f6 exf6 26.Qxf6 Rce8 27.Rd4 Re2 28.Bxg6 h5 29.Bxf7+
Rxf7 30.Qxf7+ Kh8 31.Qxh5+ Kg8 32.Qg6+ {#r} 1-0

[Event "It (open) (students)"]
[Site "masterchessopen.com Moscow (Russia)"]
[Date "2012.01.29"]
[Round "2"]
[White "Pavlov Sergey (UKR)"]
[Black "Okun Evgeny (RUS)"]
[Result "1-0"]
[WhiteElo "2477"]
[BlackElo "2145"]

1.e4 c5 2.Nf3 g6 3.d4 Bg7 4.c4 cxd4 5.Nxd4 Nc6 6.Be3 Nf6 7.Nc3 Ng4 8.Qxg4 Nxd4
9.Qd1 Ne6 10.Rc1 Qa5 11.Bd3 b6 12.O-O Bb7 13.a3 g5 14.Nb5 Bc6 15.b4 Qa6
16.Bxg5 Bxb5 17.cxb5 Qxa3 18.Be3 Qxb4 19.Bc4 Qb2 20.Rc2 Qe5 21.Bd5 Rd8 22.f4
Qb8 23.f5 Nc5 24.Qh5 Rf8 25.Bf4 Qc8 26.f6 Bxf6 27.Bh6 Nd3 28.Bxf8 {#r} 1-0

[Event "It (open) (w)"]
[Site "masterchessopen.com Moscow (Russia)"]
[Date "2012.02.02"]
[Round "6"]
[White "Kaydanovich Marina (RUS)"]
[Black "Shuvalova Polina (RUS)"]
[Result "1-0"]
[WhiteElo "1774"]
[BlackElo "1581"]

1.e4 c5 2.Nf3 Nc6 3.d4 cxd4 4.Nxd4 g6 5.c4 Bg7 6.Be3 Nf6 7.Nc3 Ng4 8.Qxg4 Nxd4
9.Qd1 Ne6 10.Qd2 Qa5 11.a3 Bxc3 12.bxc3 b6 13.Be2 Bb7 14.Rd1 Rd8 15.f3 d6
16.O-O Rc8 17.Rb1 Ba6 18.Rb4 Nc5 19.Qd4 Rg8 20.Ra1 Ne6 21.Qd2 g5 22.g3 h5
23.Kf2 Nc5 24.Qc2 Bb7 25.a4 Bc6 26.e5 dxe5 27.Qf5 e6 28.Qh7 Rg6 29.Qh8+ Kd7
30.Rd1+ Kc7 31.Qxe5+ Kb7 32.Bxc5 f6 33.Qd6 Bxa4 34.Bxb6 axb6 35.Ra1 {#r} 1-0

[Event "It (open) (students)"]
[Site "masterchessopen.com Moscow (Russia)"]
[Date "2012.02.05"]
[Round "9"]
[White "Okun Evgeny (RUS)"]
[Black "Zaryvkina Anastasia (RUS)"]
[Result "0-1"]
[WhiteElo "2145"]
[BlackElo "2076"]

1.e4 c5 2.Ne2 Nc6 3.c4 g6 4.d4 cxd4 5.Nxd4 Bg7 6.Be3 Nf6 7.Nc3 Ng4 8.Qxg4 Nxd4
9.Qd1 Nc6 10.Rc1 O-O 11.Bd3 d6 12.O-O f5 13.Qd2 Ne5 14.Be2 Nf7 15.f4 Bd7
16.Bf3 Bc6 17.exf5 gxf5 18.Bd5 Qc7 19.Rf3 e6 20.Bd4 e5 21.Rg3 Kh8 22.Be3 a6
23.Qe2 Rg8 24.Rh3 Nd8 25.Bf2 {#R} 0-1

[Event "Ch Kazakhstan (1/2 final)"]
[Site "masterchessopen.com Pavlodar (Kazakhstan)"]
[Date "2012.02.25"]
[Round "5"]
[White "Aitbayev Asiam (KAZ)"]
[Black "Egorov Evgeni (KAZ)"]
[Result "1-0"]
[WhiteElo "2386"]
[BlackElo "2338"]

1.e4 c5 2.Nf3 Nc6 3.d4 cxd4 4.Nxd4 g6 5.c4 Bg7 6.Be3 Nf6 7.Nc3 Ng4 8.Qxg4 Nxd4
9.Qd1 Ne6 10.Rc1 Qa5 11.Be2 b6 12.Qd5 Rb8 13.O-O Nc5 14.f3 d6 15.Rfd1 Be6
16.Qd2 Na4 17.Bd4 Bxd4+ 18.Qxd4 O-O 19.Nd5 Bxd5 20.cxd5 Nc5 21.b4 Qxa2 22.Bc4
Qa4 23.bxc5 dxc5 24.Qc3 Qd7 25.Ba6 f6 26.e5 fxe5 27.Qxe5 Qd6 28.Qxd6 exd6 {#r}
1-0

[Event "It (open) (intermediate)"]
[Site "masterchessopen.com High Wycombe (England)"]
[Date "2012.03.18"]
[Round "4"]
[White "Mumford Robert"]
[Black "Nicosia Vincenzo"]
[Result "0-1"]
[WhiteElo "1565"]
[BlackElo "1702"]

1.e4 c5 2.Nf3 Nc6 3.d4 cxd4 4.Nxd4 g6 5.c4 Bg7 6.Be3 Nf6 7.Nc3 Ng4 8.Qxg4 Nxd4
9.Bd3 Ne6 10.O-O d6 11.Qe2 O-O 12.Rac1 Qa5 13.Nd5 Re8 14.b3 Nd4 15.Bxd4 Bxd4
16.Kh1 Bd7 17.h4 e6 18.Ne3 Bc6 19.Rc2 d5 20.h5 dxe4 21.hxg6 hxg6 22.Ng4 Qh5+
23.Nh2 exd3 24.Qxd3 Rad8 25.Qg3 Be5 26.f4 Bb8 27.Kg1 Rd1 28.Rf2 Red8 29.Ng4
Rxf1+ 30.Rxf1 Qc5+ 31.Kh1 Kg7 32.Qc3+ Qd4 {#R} 0-1

[Event "Czech League 2011/12 (2nd) (c)"]
[Site "masterchessopen.com Czech Republic"]
[Date "2012.04.22"]
[Round "11"]
[White "Krtous Zdenek (CZE)"]
[Black "Peniska Pavel (CZE)"]
[Result "1-0"]
[WhiteElo "2080"]
[BlackElo "1923"]

1.e4 c5 2.Nf3 Nc6 3.d4 cxd4 4.Nxd4 g6 5.Be3 Bg7 6.c4 Nf6 7.Nc3 Ng4 8.Qxg4 Nxd4
9.Qd1 Ne6 10.Be2 d6 11.O-O O-O 12.f4 Bd7 13.Qd2 Bc6 14.Bf3 b6 15.Rad1 Rc8
16.Nd5 f5 17.exf5 gxf5 18.Rfe1 Bd7 19.b3 Kh8 20.Bf2 b5 21.Bh4 bxc4 22.bxc4
Rxc4 23.Bxe7 Qc8 24.Bxf8 Qxf8 25.Kh1 Nd4 26.Re3 Nxf3 27.Rxf3 Bc6 28.Rd3 Qa8
29.Ne3 {#r} 1-0

[Event "It (open)"]
[Site "masterchessopen.com Palanga (Lithuania)"]
[Date "2012.06.19"]
[Round "1"]
[White "Kiolbasa Oliwia (POL)"]
[Black "Tvarijonas Povilas (LTU)"]
[Result "0-1"]
[WhiteElo "1758"]
[BlackElo "2306"]

1.e4 c5 2.Nf3 Nc6 3.d4 cxd4 4.Nxd4 g6 5.c4 Bg7 6.Be3 Nf6 7.Nc3 Ng4 8.Qxg4 Nxd4
9.Qd1 Nc6 10.Be2 d6 11.O-O O-O 12.Qd2 Ne5 13.f3 b6 14.Rac1 Re8 15.Rfd1 Bb7
16.Kh1 h5 17.Bf1 Kh7 18.b3 Qd7 19.Nd5 Rac8 20.Qf2 Rf8 21.Qh4 Rce8 22.Bd4 Bxd5
23.exd5 Qf5 24.f4 Ng4 25.Bxg7 Kxg7 26.h3 Qxf4 27.hxg4 hxg4 28.Qe1 g3 29.Kg1
Rh8 30.Qd2 Rh1+ {#R} 0-1

[Event "Ch Slovakia (open)"]
[Site "masterchessopen.com Banska Stiavnica (Slovakia)"]
[Date "2012.07.14"]
[Round "8"]
[White "Csiba Dominik (SVK)"]
[Black "Jozefek Michal (SVK)"]
[Result "1-0"]
[WhiteElo "2370"]
[BlackElo "2076"]

1.e4 c5 2.Nf3 Nc6 3.d4 cxd4 4.Nxd4 g6 5.c4 Bg7 6.Be3 Nf6 7.Nc3 Ng4 8.Qxg4 Nxd4
9.Qd1 e5 10.Nb5 O-O 11.Be2 Qh4 12.Nxd4 exd4 13.Bxd4 Qxe4 14.Bxg7 Kxg7 15.O-O
Re8 16.Re1 d6 17.Qd2 Be6 18.b3 Qc6 19.Rad1 Rad8 20.Bf3 Qb6 21.h4 h6 22.h5 Kh7
23.Qf4 Qc7 24.hxg6+ fxg6 25.c5 Bf5 26.Rxe8 Rxe8 27.cxd6 Qd7 28.Rc1 {#r} 1-0

[Event "It (open)"]
[Site "masterchessopen.com Rethymno (Greece)"]
[Date "2012.07.14"]
[Round "9"]
[White "Nitin S (IND)"]
[Black "Pap Misa (SRB)"]
[Result "0-1"]
[WhiteElo "2417"]
[BlackElo "2500"]

1.e4 c5 2.Nf3 g6 3.d4 cxd4 4.Nxd4 Bg7 5.c4 Nc6 6.Be3 Nf6 7.Nc3 Ng4 8.Qxg4 Nxd4
9.Qd1 Ne6 10.Rc1 b6 11.Bd3 Bb7 12.O-O O-O 13.Bb1 d6 14.b3 Nc5 15.b4 Nd7 16.Qe2
Rc8 17.Nb5 a6 18.Nd4 Rc7 19.Nb3 Qa8 20.f3 Rfc8 21.a4 a5 22.bxa5 bxa5 23.Ba2
Bc6 24.c5 Bxa4 25.cxd6 exd6 26.Qd2 Rc3 27.Rxc3 Rxc3 28.Bd4 Bxd4+ 29.Nxd4 Qc8
30.f4 Qc5 31.Kh1 Bc6 32.f5 Bxe4 33.Ne6 Qe5 34.Qg5 Qf6 35.Rg1 d5 {#R} 0-1

[Event "Tournament"]
[Site "masterchessopen.com Bucaramanga (Colombia)"]
[Date "2012.07.16"]
[Round "7"]
[White "Cuesta Cifuentes Jair Alfonso"]
[Black "Mendez Rivera Anderson Heriber"]
[Result "0-1"]
[WhiteElo "1925"]
[BlackElo "1984"]

1.e4 c5 2.Nf3 Nc6 3.d4 cxd4 4.Nxd4 g6 5.c4 Bg7 6.Be3 Nf6 7.Nc3 Ng4 8.Qxg4 Nxd4
9.O-O-O Nc6 10.Qe2 Qa5 11.Rd5 Qd8 12.Rb5 d6 13.f4 a6 14.Rd5 Nb4 15.Rd4 Bxd4
16.Bxd4 Rg8 {#R} 0-1

[Event "Ch Germany (juniors) (Internet) (under 14) (qual2)"]
[Site "masterchessopen.com Internet"]
[Date "2012.09.05"]
[Round "2"]
[White "Becker Dirk"]
[Black "Wichmann Adrian"]
[Result "1-0"]
[WhiteElo "1234"]
[BlackElo "1450"]

1.e4 c5 2.Nf3 g6 3.d4 cxd4 4.Nxd4 Bg7 5.c4 Nc6 6.Be3 Nf6 7.Nc3 Ng4 8.Qxg4 Bxd4
9.Bxd4 Nxd4 10.Qd1 e5 11.Ne2 Qa5+ 12.Nc3 d6 13.g3 h5 14.Bg2 Bg4 15.Qd3 Be2
16.Qd2 Bxc4 17.Rc1 O-O 18.a3 Nb3 19.Qe3 Nxc1 20.Qxc1 Rac8 21.Bf1 Bxf1 22.Kxf1
Qa6+ 23.Kg2 Qc6 24.Qd2 f5 25.Nd5 Rce8 26.Qh6 Re6 27.Rc1 Qe8 28.Rc7 Rf7 29.exf5
gxf5 30.Qg5+ Kh7 31.Qxh5+ Rh6 32.Rxf7+ Kg8 33.Nf6+ Rxf6 34.Qh7# 1-0